Kompozitné materiály v betónových konštrukciách
Saved in:
| Main Author: | |
|---|---|
| Other Authors: | |
| Format: | Manuscript Book |
| Language: | Slovak |
| Published: |
2025
|
| Subjects: | |
| Online Access: | http://is.stuba.sk/zp/portal_zp.pl?podrobnosti=181995 CRZP |
| Tags: |
No Tags, Be the first to tag this record!
|
MARC
| LEADER | 00000ntm a22000003a 4500 | ||
|---|---|---|---|
| 001 | stuzp105311 | ||
| 003 | SK-STU | ||
| 005 | 20250725112013.6 | ||
| 007 | ta | ||
| 008 | 150427s2015----xo-----f-mn---000-0-slo-d | ||
| 040 | |a STU |b slo | ||
| 041 | 0 | |a slo | |
| 100 | 1 | |a Kostka, Samuel |u 010200 |4 aut |U SvF Stavebná fakulta |T SvF Katedra materiálového inžinierstva a fyziky |X 104477 |U V200 |Y 844 |7 104477 | |
| 242 | 0 | 1 | |a Composite materials in concrete structures. |y eng |
| 245 | 1 | 0 | |a Kompozitné materiály v betónových konštrukciách |
| 260 | |c 2025 | ||
| 650 | 4 | |a composite reinforcements |2 eng | |
| 650 | 4 | |a GFRP |2 eng | |
| 650 | 4 | |a composite materials |2 eng | |
| 650 | 4 | |a kompozitná výstuž |2 slo | |
| 650 | 4 | |a kompozitné materiály |2 slo | |
| 650 | 4 | |a GFRP |2 slo | |
| 700 | 1 | |a Ledererová, Miriam |u 010200 |k Z1 |4 ths |U SvF Stavebná fakulta |T SvF Katedra materiálového inžinierstva a fyziky |X 812 |U V200 |Y 844 |7 A000000812 | |
| 856 | 4 | |u http://is.stuba.sk/zp/portal_zp.pl?podrobnosti=181995 | |
| 856 | 4 | |u https://opac.crzp.sk/?fn=detailBiblioForm&sid=226A7A544DA3649F675233E9F6D0 |z CRZP | |